000 00524cam a2200193 4500
001 22363
005 20230410103536.0
008 060907n2004 dr spa
035 _9funglode22526
041 _aES
050 1 4 _a118 PQ 7409.2
_bD611u 2004
100 1 _aDisla, Edwin,
_d1961-
245 1 3 _aEl universo de los poetas muertos /
_cEdwin Disla
260 _aSanto Domingo :
_bEditora Lozano,
_c2004
300 _a167 p.
650 4 _aNovela dominicana.
650 4 _aLiteratura dominicana.
942 _2lcc
_cbk
999 _c20939
_d20939